BAILY & LOVE'S SHORT PRACTICE OF SURGERY (Record no. 22899)

MARC details
000 -LEADER
fixed length control field 00414nam a22001697a 4500
003 - CONTROL NUMBER IDENTIFIER
control field SGT
020 ## - INTERNATIONAL STANDARD BOOK NUMBER
International Standard Book Number 9781498796507
082 ## - DEWEY DECIMAL CLASSIFICATION NUMBER
Classification number 617
Item number B18W
100 ## - MAIN ENTRY--PERSONAL NAME
Personal name WILLIAM, NORMAN,ed.
245 ## - TITLE STATEMENT
Title BAILY & LOVE'S SHORT PRACTICE OF SURGERY
250 ## - EDITION STATEMENT
Edition statement 27TH
260 ## - PUBLICATION, DISTRIBUTION, ETC. (IMPRINT)
Place of publication, distribution, etc GREAT BRITAIN
Name of publisher, distributor, etc CRC PRESS.
Year of Publication 2018
300 ## - PAGE DESCRIPTION
No. of Pages 797
650 ## - SUBJECT ADDED ENTRY--TOPICAL TERM
Topical term or geographic name as entry element SURGERY
653 ## - KEYWORDS--INDEX TERM
Keyword term PRACTICE , SURGERY PRACTICE OF SURGERY
942 ## - ADDED ENTRY ELEMENTS (KOHA)
Source of classification or shelving scheme Dewey Decimal Classification
Koha item type Books
Holdings
Withdrawn status Lost status Source of classification or shelving scheme Damaged status Use restrictions Not for loan Collection code Home library Current library Shelving location Date acquired Vendor Name Cost, normal purchase price Volume Information (Serial or Books or Non-Book Material) SGTU Bill Number Full call number Accession No. (Barcode) Date last seen Bill Date Koha item type
    Dewey Decimal Classification   Restricted Access   AYURVEDA SGT FA-FP Library SGT FA-FP Library Reference Book 22/06/2022 AHUJA PUBLICATION 5448.00 1 SGTU 14473 617 B18W FA11383 22/06/2022 19/05/2022 Books
    Dewey Decimal Classification   Restricted Access   AYURVEDA SGT FA-FP Library SGT FA-FP Library Reference Book 22/06/2022 AHUJA PUBLICATION 5448.00 2 SGTU 14473 617 B18W FA11384 22/06/2022 19/05/2022 Books